Southville International School and Colleges
Your cart is empty.
  • Cart
  • Lists
    Public lists Eva Luna New books Lux_list list_1
    Your lists Log in to create your own lists
  • Log in to your account
  • Your cookies
  • Search history
Southville International School and Colleges
  • Advanced search
  • Recent comments
  • Most popular
  • Libraries

Log in to your account

Log in with GOOGLE


If you do not have an external account, but do have a local account, you can still log in:

  1. Home
  2. MARC view: Modern tourism in 21st century /
Normal view MARC view ISBD view

Modern tourism in 21st century / (Record no. 275947)

[ view plain ]
MARC details
000 -LEADER
fixed length control field 00626nam a2200217 a 4500
001 - CONTROL NUMBER
control field SSB041229
003 - CONTROL NUMBER IDENTIFIER
control field SISC
005 - DATE AND TIME OF LATEST TRANSACTION
control field 20160602114230.0
008 - FIXED-LENGTH DATA ELEMENTS--GENERAL INFORMATION
fixed length control field
020 ## - INTERNATIONAL STANDARD BOOK NUMBER
International Standard Book Number 9789381421796
050 ## - LIBRARY OF CONGRESS CALL NUMBER
Classification number G 155.A1
Item number .Si64i 2012
100 ## - MAIN ENTRY--PERSONAL NAME
Personal name Sinha, Swadesh.
245 #0 - TITLE STATEMENT
Title Modern tourism in 21st century /
Statement of responsibility, etc Swadesh Sinha.
250 ## - EDITION STATEMENT
Edition statement 1st edition.
260 ## - PUBLICATION, DISTRIBUTION, ETC. (IMPRINT)
Place of publication, distribution, etc New Delhi :
Name of publisher, distributor, etc Random Publications,
Date of publication, distribution, etc 2012.
300 ## - PHYSICAL DESCRIPTION
Extent viii, 273 pages ;
Dimensions 23 cm.
500 ## - GENERAL NOTE
General note Includes bibliographical reference and index.
521 ## - TARGET AUDIENCE NOTE
Target audience note Tourism
650 ## - SUBJECT ADDED ENTRY--TOPICAL TERM
Topical term or geographic name as entry element Tourism
General subdivision 20th century.
942 ## - ADDED ENTRY ELEMENTS (KOHA)
Source of classification or shelving scheme Library of Congress Classification
Koha item type Books
Call number prefix Foreign
Holdings
Withdrawn status Lost status Source of classification or shelving scheme Damaged status Home library Current library Shelving location Date acquired Source of acquisition Cost, normal purchase price Total Checkouts Full call number Barcode Date last seen Date checked out Price effective from Koha item type
    Library of Congress Classification   College Library College Library Reserve Section 09/30/2014 Library Fund 1586.00 3 G 155.A1 .Si64i 2012 C18740 05/15/2018 06/27/2016 09/30/2014 Books

Modern tourism in 21st century /

APA

Sinha S., . (2012). Modern tourism in 21st century. New Delhi: Random Publications.

Chicago

Sinha Swadesh, . 2012. Modern tourism in 21st century. New Delhi: Random Publications.

Harvard

Sinha S., . (2012). Modern tourism in 21st century. New Delhi: Random Publications.

MLA

Sinha Swadesh, . Modern tourism in 21st century. New Delhi: Random Publications. 2012.

  • Place hold
  • Print
  • Cite
  • Add to your cart (remove)
  • Save record
    BIBTEX Dublin Core MARCXML MARC (non-Unicode/MARC-8) MARC (Unicode/UTF-8) MARC (Unicode/UTF-8, Standard) MODS (XML) RIS
  • More searches
    Search for this title in:
    Other Libraries (WorldCat) Other Databases (Google Scholar) Online Stores (Bookfinder.com) Open Library (openlibrary.org)

Exporting to Dublin Core...

SOUTHVILLE LIBRARY

Southville International School and Colleges Library

1281 Tropical Ave. Cor. Luxembourg St., BF Homes International, Las Pinas City

Tel. No. 8256374 / 252358 Loc. 117/146

Powered by Koha